Spell the Marvel Character #110 - Statistics

General Stats
  • This quiz has been taken 17 times
  • The average score is 13 of 15
Answer Stats
Picture Answer % Correct
Deadpool
100%
Angel
93%
Blade
93%
Elektra
93%
Luke Cage
93%
Spider-Gwen
93%
Echo
86%
Elsa Bloodstone
86%
Nova
86%
Okoye
86%
Outlaw
79%
Stature
79%
Tigra
79%
Outlaw
71%
Longshot
50%
No matching quizzes found
Score Distribution
Percent of People with Each Score
Percentile by Number Answered
Your Score History
You have not taken this quiz